000 00613nam a22001937a 4500
005 20230418104144.0
040 _curs
050 _aZ 49 D86 1995
100 _94485
_aDuncan, Charles H.
_eauthor
245 _aSouth-Western college keyboarding
_bcomplete course
_cCharles H. Duncan, Susie H. VanHuss, S. Elvon Warner
260 _aOhio
_bSouth-Western Publishing Co.
_c1995
336 _2rdacontent
_atext
_btxt
337 _2rdamedia
_aunmediated
_bn
338 _2rdacarrier
_avolume
_bnc
650 0 _93525
_aTypewriting
650 0 _94430
_aWord processing
650 0 _91379
_aBusiness writing
942 _2lcc
_cFR
999 _c69206
_d69205